00924 2200301 4500001002100000005001500021035002000036007000300056008004100059020002200100082001700122084001900139100002500158245010600183250003500289300004000324650002100364504003100385264003200416336002100448337003000469338002300499040002200522090002200544850001200566999002200578990002200600INLIS00000000088071620230808101429 a0010-0823000206ta230808s2022 yoia g 000 0 ind d a978-623-02-5550-204223a302.2223 a302.2223 ALH s0 aAlhawarisePengarang10aSimbol-simbol penting di area laboratorium, instansi kesehatan, industri, dan konstruksi /cAlhawaris aCetakan Pertama, November 2022 aviii, 96 halaman :bgambar ;c14 cm 4aTanda dan simbol aBibliografi: halaman 93-9531aSleman :bDeepublish,c2022 2rdacontentateks 2rdamediaatanpa perantara 2rdacarrieravolume aYOPDYOGbinderda aCB-D.11 2022-4055 aYOPDYOG aCB-D.11/2022-4055 aCB-D.11/2022-4055